Sociology / (Record no. 47143)

MARC details
000 -LEADER
fixed length control field 01181nam a22001817a 4500
008 - FIXED-LENGTH DATA ELEMENTS--GENERAL INFORMATION
fixed length control field 161107b xxu||||| |||| 00| 0 eng d
020 ## - INTERNATIONAL STANDARD BOOK NUMBER
International Standard Book Number 9780205749492
050 ## - LIBRARY OF CONGRESS CALL NUMBER
Classification number HM586
Item number .M33 2010
100 ## - MAIN ENTRY--PERSONAL NAME
Personal name Macionis, John J.
245 ## - TITLE STATEMENT
Title Sociology /
Statement of responsibility, etc John J. Macionis
250 ## - EDITION STATEMENT
Edition statement 13th ed
260 ## - PUBLICATION, DISTRIBUTION, ETC. (IMPRINT)
Place of publication, distribution, etc Upper Saddle River, NJ :
Name of publisher, distributor, etc Prentice Hall,
Date of publication, distribution, etc 2010
300 ## - PHYSICAL DESCRIPTION
Extent xxiii, 720 p. :
Other physical details ill. (chiefly col.), col. maps ;
Dimensions 29cm
500 ## - GENERAL NOTE
General note Includes bibliographical references and indexes
505 ## - FORMATTED CONTENTS NOTE
Formatted contents note The sociological perspective -- Sociological investigation -- Culture -- Society -- Socialization -- Social interaction in everyday life -- Groups and organizations - - Sexuality and society -- Deviance -- Social stratification -- Social class in the United States -- Global stratification -- Gender stratification -- Race and ethnicity -- Aging and the elderly -- The economy and work -- Politics and government -- Families -- Religion -- Education -- Health and medicine -- Population, urbanization, and environment -- Collective behavior and social movements -- Social change : traditional, modern, and postmodern societies
650 ## - SUBJECT ADDED ENTRY--TOPICAL TERM
Topical term or geographic name as entry element Sociology
942 ## - ADDED ENTRY ELEMENTS (KOHA)
Source of classification or shelving scheme Library of Congress Classification
Item type Book
Holdings
Withdrawn status Lost status Source of classification or shelving scheme Damaged status Not for loan Collection code Home library Current library Shelving location Date acquired Source of acquisition Cost, normal purchase price Full call number Barcode Copy number Price effective from Koha item type
    Library of Congress Classification     Non-fiction Bishop Okullu Memorial Library (Limuru Campus) Bishop Okullu Memorial Library (Limuru Campus) General Circulation 07/11/2016 Donations 1000.00 HM586 .M33 2010 048303 1 07/11/2016 Book